Central Library OPAC University of Rajshahi

Effect of Micro-Credit on happiness and manifest anxiety of the Rural poor in Bangladesh / (Record no. 82199)

MARC details
000 -LEADER
fixed length control field 00936nam a22002297a 4500
003 - CONTROL NUMBER IDENTIFIER
rucl marc code BD-RjUL
005 - DATE AND TIME OF LATEST TRANSACTION
control field 20231029172533.0
008 - FIXED-LENGTH DATA ELEMENTS--GENERAL INFORMATION
fixed length control field 231029s2014 bg a|||| m||| 00| 0 eng d
035 ## - SYSTEM CONTROL NUMBER
system control number (BD-RjUL)
040 ## - CATALOGING SOURCE
Original cataloging agency BD-RjUL
Language of cataloging eng
Transcribing agency BD-RjUL
Modifying agency BD-RjUL
041 ## - LANGUAGE CODE
Language code of Book eng
082 ## - DEWEY DECIMAL CLASSIFICATION NUMBER
DDC Edition number 23
Classification number 307.72095492
Author mark and Year KHE 2014
100 ## - MAIN ENTRY--PERSONAL NAME
Personal name Khatun, Mst. Rahima
9 (RLIN) 9756
245 10 - TITLE STATEMENT
Title Effect of Micro-Credit on happiness and manifest anxiety of the Rural poor in Bangladesh /
Statement of responsibility, etc Submitted By Mst. Rahima Khatun ;
Name of Supervisor/Co-Supervisor Supervisor : Md. Mozibul Huq Azad, Khan
260 ## - PUBLICATION, DISTRIBUTION, ETC. (IMPRINT)
Place of publication, distribution, etc Rajshahi :
Name of publisher, distributor, etc Department of Psychology, University of Rajshahi,
Date of publication, distribution, etc 2014
300 ## - PHYSICAL DESCRIPTION
Pagination xi, 135 leaves
Other physical details ill, ;
Dimensions 29.cm.
502 ## - DISSERTATION NOTE
Dissertation note Thesis (Ph. D.) -- Department of Psychology, University of Rajshahi, 2014
504 ## - BIBLIOGRAPHY, ETC. NOTE
Bibliography, etc References : Leaves 130 - 135
650 ## - SUBJECT ADDED ENTRY--TOPICAL TERM
Topical term or geographic name as entry element Rural communities
General subdivision Communities
Geographic subdivision Bangladesh
9 (RLIN) 9778
700 ## - ADDED ENTRY--SUPERVISOR/CO-SUPERVISOR NAME
Personal name Khan, Md. Mozibul Huq Azad, Supervisor
9 (RLIN) 6478
942 ## - ADDED ENTRY ELEMENTS (KOHA)
Source of classification or shelving scheme Dewey Decimal Classification
Koha item type Theses

No items available.